| 000 | 00416 a2200133 4500 | ||
|---|---|---|---|
| 005 | 20250820073905.0 | ||
| 082 | _a657 NBA | ||
| 100 | _aNBAA | ||
| 245 | _aCorporate reporting, C2 - Auditing and assurance, C3 - Business and corporate finance, C4 - Public finance and taxation II: Final stage Q&A | ||
| 260 |
_aDar es Salaam _bNBAA _c2016. |
||
| 300 |
_a105p.: ill. ; Tables _c20cm |
||
| 610 | _tNBAA | ||
| 942 |
_2ddc _cBKS |
||
| 999 |
_c6776 _d6776 |
||